| 000 | 00749nam a2200193Ia 4500 | ||
|---|---|---|---|
| 008 | 0000001995 usa 0000000000eng00 | ||
| 090 | _aPUS00 B61s | ||
| 100 | 1 | _aBocchino, Serena | |
| 245 | 1 | 0 |
_aSerena Bocchino _b: observer highway |
| 300 |
_a[32] p. _c/ 28 cm. |
||
| 500 | _aExposición realizada en Raritan Valley College, New Jersey, Septiembre 8 29, 1995 \ Con el patronazgo del maestro venezolano Jesús Rafael Soto (q.e.p.d.) \ | ||
| 600 | 0 | 0 |
_aBOCCHINO, SERENA./ _xTRABAJOS PICTORICOS |
| 650 | 1 | 4 | _aARTE CONTEMPORANEO ESTADOUNIDENSE |
| 650 | 1 | 4 | _xCATALOGOS |
| 650 | 1 | 4 | _xEXPOSICIONES |
| 650 | 1 | 4 | _aPINTORES ESTADOUNIDENSES |
| 650 | 1 | 4 | _aPINTURA ESTADOUNIDENSE |
| 999 |
_c5219 _d5219 |
||
| 260 |
_aNew Jersey : Raritan Valley College _c1995 |
||